Surnom des Equipes de Ligue 1 - Statistiques

Statistiques générales
  • Ce quiz a été pris 201 fois
  • Le résultat moyen est 7 sur 18
Statistiques - réponses
Équipe Surnom % Correct
OL Gones/Olympiens
78%
LOSC Dogues
73%
Saint-Étienne Verts/Stéphanois
70%
OM Phocéens/Olympiens
66%
PSG Parisiens
59%
AS Monaco Monégasques
53%
Nice Aiglons
52%
Strasbourg Strasbourgeois/Alsaciens
44%
Angers SCO/Angevins
42%
Toulouse Téfécé/Violets/Pitchouns
38%
Nantes Canaries
37%
Lens Sangs et Ors/Artésiens
19%
Brest Pirates/Ty' Zefs
17%
Reims Reimois
17%
Montpellier Paillade
12%
Stade Rennais Rouges et Noirs
11%
Le Havre Ciel et Marine
9%
Auxerre Axerrois
1%
Aucun quiz correspondant
Distribution des résultats
% des personnes avec chaque résultat
Percentile par nombre de réponses
Votre historique - résultats
Vous n’avez pas pris ce quiz